Николай Сажин (Запись № 937796)

Подробности
000 -МАРКЕР
контрольное поле 01434nam0a2200313 4500
001 - ИДЕНТИФИКАТОР ЗАПИСИ
контрольное поле RU\NLR\bibl\1361635
005 - ИДЕНТИФИКАТОР ВЕРСИИ
контрольное поле 20260408063321.0
010 ## - МЕЖДУНАРОДНЫЙ СТАНДАРТНЫЙ НОМЕР КНИГИ (ISBN)
Номер (ISBN) 5-9332-097-8
035 ## - ДРУГИЕ СИСТЕМНЫЕ НОМЕРА
Идентификатор записи (NLR Aleph) 001353806
100 ## - ДАННЫЕ ОБЩЕЙ ОБРАБОТКИ
Данные общей обработки 20090424d2003 |||y0rusy50 ca
101 0# - ЯЗЫК РЕСУРСА
Язык текста, звукозаписи и т.д. русский
-- английский
102 ## - СТРАНА ПУБЛИКАЦИИ ИЛИ ПРОИЗВОДСТВА
Страна публикации Российская Федерация
105 ## - ПОЛЕ КОДИРОВАННЫХ ДАННЫХ: ТЕКСТОВЫЕ МАТЕРИАЛЫ, МОНОГРАФИЧЕСКИЕ
Кодированные данные о монографическом текстовом документе a |||||||||
200 1# - ЗАГЛАВИЕ И СВЕДЕНИЯ ОБ ОТВЕТСТВЕННОСТИ
Основное заглавие Николай Сажин
Сведения, относящиеся к заглавию [альбом
Первые сведения об ответственности авт. вступ. ст.: Михаил Герман, проф., д.иск., акад. Акад. гуманит. наук]
210 ## - ПУБЛИКАЦИЯ, РАСПРОСТРАНЕНИЕ И ДР.
Место издания, распространения и т.д. Санкт-Петербург
Имя издателя, распространителя и т. д. Государственный Русский музей, Музей Людвига
Дата издания, распространения и т.д. 2003
215 ## - ФИЗИЧЕСКАЯ ХАРАКТЕРИСТИКА
Специфическое обозначение материала и объем [136] с.
Другие сведения о физической характеристике цв. ил.
Размеры 22
300 ## - ОБЩИЕ ПРИМЕЧАНИЯ
Текст примечания Текст парал. на рус. и англ. яз.
320 ## - ПРИМЕЧАНИЯ О НАЛИЧИИ В ДОКУМЕНТЕ БИБЛИОГРАФИИ / УКАЗАТЕЛЯ
Текст примечания Библиогр. в конце кн.
600 #1 - ИМЯ ЛИЦА КАК ПРЕДМЕТ
Начальный элемент ввода Сажин
Часть имени, кроме начального элемента ввода Н.А.
Даты 1948
Расширение инициалов личного имени Николай Алексеевич
Формальный подзаголовок Альбомы
Системный номер авторитетной/нормативной записи 2550370
Идентификатор авторитетной/нормативной записи RU\NLR\auth\661509193
686 ## - ИНДЕКСЫ ДРУГИХ КЛАССИФИКАЦИЙ
Индекс Щ143(2Р=Рус)7-8Сажиня61
700 #1 - ИМЯ ЛИЦА - ПЕРВИЧНАЯ ОТВЕТСТВЕННОСТЬ
Начальный элемент ввода Сажин
Часть имени, кроме начального элемента ввода Н. А.
Даты 1948-
Расширение инициалов личного имени Николай Алексеевич
Код отношения Автор
712 02 - НАИМЕНОВАНИЕ ОРГАНИЗАЦИИ - ВТОРИЧНАЯ ОТВЕТСТВЕННОСТЬ
Код отношения Прочие
Начальный элемент ввода Государственный Русский музей
Идентифицирующий признак Санкт-Петербург
Структурное подразделение Музей Людвига
Идентификатор авторитетной/нормативной записи RU\NLR\AUTH\8810033910
Системный номер авторитетной/нормативной записи 566286
801 #0 - ИСТОЧНИК ЗАПИСИ
Страна Российская Федерация
Организация NLR
Дата составления 20090424
Правила каталогизации RCR
801 #1 - ИСТОЧНИК ЗАПИСИ
Страна Российская Федерация
Организация NLR
Дата составления 20090424
830 ## - ОБЩЕЕ ПРИМЕЧАНИЕ, СОСТАВЛЕННОЕ КАТАЛОГИЗАТОРОМ
Текст примечания авт. по кн.
942 ## - ДОПОЛНИТЕЛЬНЫЕ ЭЛЕМЕНТЫ ЗАПИСИ (АБИС)
Тип экземпляра АБИС Книга
980 ## - КОЛЛЕКЦИЯ
Название коллекции Национальная библиография
Экземпляры
Тип экземпляра Дата поступления Источник поступления Стоимость Библиотека постоянного хранения Библиотека текущего хранения Место хранения Шифр хранения Штрих-код Статус экземпляра
Книга 07.05.2025 Дар 300.00 РНБ (Московский) РНБ (Московский) Обменный фонд   1-4921872  
Книга 05.06.2009 Дар 100.00 РНБ (Садовая) РНБ (Садовая) Фонд эстампов и фотографий (изоизданий) Э АлИс590/2-С146 2935480  
Книга 06.12.2019 Дар 300.00 РНБ (Садовая) РНБ (Садовая) Фонд эстампов и фотографий (изоизданий) Э АлИс590/2-С146 1-2727180